LIBRARY ONLINE CATALOGUE

From Adam and Israel to the church: (Record no. 19603)

MARC details
000 -LEADER
fixed length control field 00621nam a22001817a 4500
008 - FIXED-LENGTH DATA ELEMENTS--GENERAL INFORMATION
fixed length control field 220929b |||||||| |||| 00| 0 eng d
020 ## - INTERNATIONAL STANDARD BOOK NUMBER
International Standard Book Number 0830855438
050 ## - LIBRARY OF CONGRESS CALL NUMBER
Classification number BS680
Item number .P43 2019
100 ## - MAIN ENTRY--PERSONAL NAME
Personal name Gladd, Benjamin L.
245 ## - TITLE STATEMENT
Title From Adam and Israel to the church:
Remainder of title A Biblical theology of the people of God/
Statement of responsibility, etc. Benjamin L. Gladd
260 ## - PUBLICATION, DISTRIBUTION, ETC. (IMPRINT)
Place of publication, distribution, etc. Downers Grove, Illinois
Name of publisher, distributor, etc. IVP Academic
Date of publication, distribution, etc. 2019
300 ## - PHYSICAL DESCRIPTION
Extent xiv, 182p.
650 ## - SUBJECT ADDED ENTRY--TOPICAL TERM
Topical term or geographic name as entry element People of God
Form subdivision Biblical teaching
650 ## - SUBJECT ADDED ENTRY--TOPICAL TERM
Topical term or geographic name as entry element Jesus christ
Form subdivision Person and offices
650 ## - SUBJECT ADDED ENTRY--TOPICAL TERM
Topical term or geographic name as entry element God (christianity)
Form subdivision Worship and love
650 ## - SUBJECT ADDED ENTRY--TOPICAL TERM
Topical term or geographic name as entry element Church
Form subdivision Biblical teaching
942 ## - ADDED ENTRY ELEMENTS (KOHA)
Source of classification or shelving scheme Library of Congress Classification
Koha item type General Collection
Holdings
Withdrawn status Lost status Source of classification or shelving scheme Not for loan Home library Current library Date acquired Cost, normal purchase price Inventory number Total Checkouts Full call number Barcode Date last seen Copy number Price effective from Koha item type
    Library of Congress Classification   Kabarak, Main Campus Kabarak, Main Campus 29/09/2022 1700.00 0591/2022   BS680 .P43 2019 C.1 032036 02/08/2024 C.1 29/09/2022 General Collection